Statics / (Record no. 7373)
[ view plain ]
| 000 -LEADER | |
|---|---|
| fixed length control field | 00599cam a2200229 a 4500 |
| 001 - CONTROL NUMBER | |
| JCCL Control Number | 7373 |
| 003 - CONTROL NUMBER IDENTIFIER | |
| JCCL marc code | BD - JhCC |
| 005 - DATE AND TIME OF LATEST TRANSACTION | |
| control field | 20180418173448.0 |
| 008 - FIXED-LENGTH DATA ELEMENTS--GENERAL INFORMATION | |
| fixed length control field | 880808s1941 enka 000 0 eng d |
| 035 ## - SYSTEM CONTROL NUMBER | |
| system control number | (BD - JhCC)7373 |
| 040 ## - CATALOGING SOURCE | |
| Original cataloging agency | MNU |
| Transcribing agency | MNU |
| Modifying agency | m.c |
| -- | BD - JhCC |
| 041 ## - LANGUAGE CODE | |
| Language code of Book | eng |
| 082 ## - DEWEY DECIMAL CLASSIFICATION NUMBER | |
| Author mark and Year | RAM 1954 |
| Classification number | 531.2 |
| 100 1# - MAIN ENTRY--PERSONAL NAME | |
| Personal name | Ramsey, A. S. |
| Fuller form of name | (Arthur Stanley), |
| Dates associated with a name | 1867-1954 |
| 245 10 - TITLE STATEMENT | |
| Title | Statics / |
| Statement of responsibility, etc | by A.S. Ramsey. |
| 250 ## - EDITION STATEMENT | |
| Edition statement | 2nd ed. |
| 260 ## - PUBLICATION, DISTRIBUTION, ETC. (IMPRINT) | |
| Place of publication, distribution, etc | Cambridge : |
| Name of publisher, distributor, etc | University Press, |
| Date of publication, distribution, etc | 1941. |
| 300 ## - PHYSICAL DESCRIPTION | |
| Pagination | xi, 296 p. : |
| Other physical details | diagrs. ; |
| Dimensions | 23 cm. |
| 650 #0 - SUBJECT ADDED ENTRY--TOPICAL TERM | |
| Topical term or geographic name as entry element | Statics. |
| 942 ## - ADDED ENTRY ELEMENTS (KOHA) | |
| Source of classification or shelving scheme | Dewey Decimal Classification |
| Koha item type | Books |
| Source of classification or shelving scheme | Damaged status | Not for loan | Home library | Current library | Shelving location | Total Checkouts | Full call number | Barcode | Date last seen | Copy number | Koha item type |
|---|---|---|---|---|---|---|---|---|---|---|---|
| Dewey Decimal Classification | JCC Rouf Library | JCC Rouf Library | General Stacks | 531.2 RAM 1954 | 8603 | 02/08/2018 | C - 1 | Books |